000 01080nam a2200277 a 4500
001 000015506
005 20200929164046.0
008 100211t2009 dr ac 001 0 spa d
020 _a9789945869842
040 _aDO-SdBNP
_bspa
_cBNPHU
082 _a384.54065
_bF385r
100 1 _aFerrer, Fidel
_935022
245 1 0 _aRadio Amanecer :
_bsu historia y algo más... /
_cFidel Ferrer ; prólogo Ramón Araujo.
260 _aSanto Domingo :
_bTriunfo,
_c2009.
300 _a116 p. :
_bil., retr. ;
_c23 cm.
500 _aIncluye datos biográficos del autor en la contracubierta.
504 _aBibliografía: p. 113-116.
590 _aInventariado, 2018/VM
650 4 _aRadioemisoras
_xHistoria
_zRepública Dominicana
_934343
650 4 _aMedios de comunicación de masas
_xHistoria
_xRepública dominicana
_921016
650 4 _aEnseñanza bíblica
_915358
650 4 _aRadiodifusión
_zRepública Dominicana
_926388
700 1 _aAraujo, Ramón,
_epról.
_935023
710 0 2 _aRadioemisora Amanecer (República Dominicana)
_935024
910 _aValidado. Control de calidad EMS.
999 _c15062
_d15062